000 00878nam a2200253 i 4500
005 20250217034536.0
008 981118s1985 pl a |001 0 pol
015 _aPB 1985/6642
020 _a8311072590
040 _aWA N
_cWA N
_bpol
041 0 _apol
080 _a943.8.081:[355:929A/Z](438)"19"
245 0 0 _aJózef Piłsudski w opiniach polityków i wojskowych /
_cwyboru dokonał i wstępem opatrzył Eugeniusz Kozłowski ; [aut.] Wincenty Witos [et al.].
260 _aWarszawa :
_bWydaw. Min. Obrony Narodowej,
_c[1985].
300 _a462, [2] s. :
_bportr. ;
_c20 cm.
600 1 4 _aPiłsudski, Józef
_d(1867-1935)
650 4 _aWojsko
_zPolska
_y20 w.
651 4 _aPolska
_xpolityka wewnętrzna
_y20 w.
700 1 _aKozłowski, Eugeniusz
_d(1925- ).
_ePrzedm.
700 1 _aWitos, Wincenty
_d(1874-1945)
997 _ajs
504 _aIndeks.
942 _2z
_cBK
999 _c75550
_d75550